[Event "Mittelfranken-chTB2a 0809"]
[Site "Mittelfranken"]
[Date "2009.02.08"]
[Round "6.8"]
[White "Walch, Roger"]
[Black "Lippmann, Johannes"]
[Result "1-0"]
[WhiteElo "1673"]
[BlackElo "1370"]
[PlyCount "73"]
[EventDate "2008.10.12"]
[EventType "team"]
[EventRounds "9"]
[EventCountry "GER"]
[SourceTitle "EXT 2011"]
[Source "ChessBase"]
[SourceDate "2010.11.26"]
[SourceVersion "1"]
[SourceVersionDate "2010.11.26"]
[SourceQuality "1"]
[WhiteTeam "Nuernberg Sued SW III"]
[BlackTeam "Cadolzburg"]
[WhiteTeamCountry "GER"]
[BlackTeamCountry "GER"]

1. e4 e5 2. Nc3 Bb4 3. Nd5 Bc5 4. Nf3 c6 5. Nc3 d6 6. Bc4 Bg4 7. 0-0 Nf6 8. d3 h6 9. Bb3 0-0 10. h3 Bh5 11. g4 Bg6 12. Nh4 Bh7 13. g5 Ne8 14. Qg4 hxg5 15. Bxg5 Nf6 16. Qg2 Nbd7 17. Kh1 Kh8 18. f4 Qe7 19. Rae1 Rg8 20. Nf5 Bxf5 21. fxe5 dxe5 22. Rxf5 g6 23. Qg3 Kg7 24. Rxf6 Nxf6 25. Rf1 Qd7 26. Bxf6+ Kf8 27. Bxe5 Ke8 28. Bxf7+ Qxf7 29. Rxf7 Kxf7 30. Qf4+ Ke8 31. Bf6 Kd7 32. e5 Rae8 33. Ne4 Bb6 34. c3 Rgf8 35. Qg4+ Kc7 36. d4 Rg8 37. e6 1-0